| 000 | 01067nam a22002537i 4500 | ||
|---|---|---|---|
| 999 |
_c23523 _d23523 |
||
| 003 | AR-CdUCM | ||
| 008 | 260224b20232023 pe||||| |||| 00| 0 spa d | ||
| 020 | _a978-84-18279-00-3 | ||
| 040 |
_aMUNICIPALIDAD PROVINCIAL DEL CUSCO _cBIBLIOTECA MUNICIPAL DEL CUSCO |
||
| 041 | _hspa | ||
| 082 |
_24° Edicion _aEP / 912 _bM86 |
||
| 100 |
_aDe Moraes, Thiago _952315 |
||
| 245 |
_aAtlas de Historia : _bHéroes, villanos y mapas fabulosos de quince civilizaciones extraordinarias / |
||
| 260 |
_aMadrid : _bHarper Collins Ibérica _c2023 |
||
| 300 |
_a89 páginas. : _c33x29 cm. |
||
| 505 | _aEl mundo mesopotámico -- Mundo Egipcio -- Mundo Romano -- Mundo Inca -- Mundo Etíope -- Mundo Ruso -- Mundo Europa | ||
| 650 |
_aPersa _952316 |
||
| 650 |
_aRoma _92474 |
||
| 650 |
_aTang _952317 |
||
| 650 |
_aMongol _952318 |
||
| 650 |
_aRuso _921803 |
||
| 942 |
_2ddc _cLIBROS |
||
| 945 |
_apbjr _d24-02-2026 |
||